Loading...

The World's Funniest Laws

Bibliographic Details
Main Author: Alexander,James
Format: Printed Book
Published: New Delhi Universal Law Publishing 2011
Subjects:
Law
LEADER 00443nam a22001457a 4500
020 |a 978-81-7534-867-7 
074 |a 7808 
082 |a 340 AIE'11 
100 |a Alexander,James  |9 2548 
245 |a The World's Funniest Laws 
260 |a New Delhi  |b Universal Law Publishing  |c 2011 
300 |a 151p. 
653 |a Law 
999 |c 5931  |d 5931 
952 |0 0  |1 0  |2 udc  |4 0  |6 340_AIE11  |7 0  |9 7487  |a NUALS  |b NUALS  |d 2011-11-26  |l 0  |o 340 AIE'11  |p 7808  |r 2019-10-14  |t 1  |w 2013-04-11  |y REF